000 00638nam a2200217 a 4500
999 _c5990
_d5990
001 5990
003 BD-JhCC
005 20180101123833.0
008 171231s1973 bg |||| |a|| 000 0 eng d
035 _a(BD-JhCC)5990
040 _aBD-JhCC
_dBD-JhCC
041 _aeng
082 _a330.9543205
_bBAN 1973
245 _aBangladesh Progress 1973 /
_cMinistry Of Information And Broadcastinng
260 _aDhaka :
_bMinistry Of Information And Broadcastinng,
_c1973.
300 _a112 p. :
_c23 cm.
650 _aBangladesh
_xEconomic Condition
710 _aMinistry Of Information And Broadcastinng
942 _2ddc
_cBK